2016/17 EFL Championship Teams - Statistics

General Stats
  • This quiz has been taken 38 times
  • The average score is 19 of 24
Answer Stats
Team % Correct
Aston Villa
93%
Fulham
90%
Ipswich Town
90%
Sheffield Wednesday
90%
Brentford
87%
Norwich City
87%
Queens Park Rangers
87%
Reading
87%
Wigan Athletic
87%
Wolverhampton Wanderers
87%
Blackburn Rovers
83%
Brighton & Hove Albion
83%
Derby County
83%
Huddersfield Town
83%
Barnsley
80%
Newcastle United
80%
Bristol City
77%
Birmingham City
73%
Leeds United
73%
Nottingham Forest
73%
Cardiff City
70%
Preston North End
67%
Burton Albion
60%
Rotherham United
60%
No matching quizzes found
Score Distribution
Percent of People with Each Score
Percentile by Number Answered
Your Score History
You have not taken this quiz